zpět

Detail výsledku týmu

Bar 12 opic, Prostějov

Datum a čas kvízu

28.5 Celkem bodů Celkový počet nahraných bodů na tomto kvízu bez doplňovacích otázek.
3. Pořadí na kvízu Konečné umístění týmu na tomto kvízu.

Zaznamenané odpovědi

# Otázka Odpověď Body Výsledky
1. Poslanci jedné parlamentní str... 1
2. Německá kancléřka Angela Merke... 0
3. Česká filmová a televizní akad... 1
4. Pouze dva obžalovaní stanuli v... 0
5. Útočník Komety Martin Erat vst... 1
21. Nejdelší had na světě chovaný... 0
22. Přiřaďte k sobě rodová a druho... 1
23. Od želv se můžeme dostat ke Ga... 1
24. Jak se nazývá tento živočich?... 1
25. Napište jméno herce s tureckým... 0